000 01013nam0a2200325 4500
001 RU\NLR\BIBL_A\022147018
005 20240318110304.0
010 _a978-5-04-188850-3
_91500
021 _aRU
_bКН-П-24-002532
_9КН-П-24-0230
035 _a(NLR Aleph) 022147018
090 _a12882174
_c12882174
100 _a20240221d2024 u y0rusy50 ca
101 0 _arus
102 _aRU
105 _aa z 000ay
181 0 _ai3
_baxxe
182 0 _an
200 1 _aСмерть в золотой раме
_fМария Санти
203 _aТекст
_bвизуальный
_cнепосредственный
210 _aМосква
_cЭксмо
_d2024 (печ. 2023)
215 _a284, [1] с.
_cил.
_d21
225 1 _aДетектив с трогательным финалом
333 _a16+
686 2 _aШ6(2=Р)8-446
700 1 _aСанти
_bМ.
_gМария
942 _cBOOK
980 _aNB